| 000 | 01042nam0a22003011 4500 | ||
|---|---|---|---|
| 001 | rc\4834899 | ||
| 005 | 20250612230925.0 | ||
| 021 |
_aRU _b[66-52116] |
||
| 035 | _a(NLR Aleph) 008890804 | ||
| 090 |
_a8641351 _c8641351 |
||
| 100 | _a20130426d1966 |||y0rusy50 ca | ||
| 101 | 0 | _arus | |
| 102 | _aRU | ||
| 105 | _aa z ||||| | ||
| 200 | 1 | _aТехническая эксплуатация промышленных зданий | |
| 210 |
_a[Горький] _cВолго-Вят. кн. изд-во _d1966 |
||
| 215 |
_a208 с. _cил. _d22 |
||
| 300 | _aПеред загл. авт.: Н.В. Безребрый, И.В. Финаев, Г.В. Канаков и др. | ||
| 320 | _aБиблиогр.: с. 205 (17 назв.) | ||
| 606 |
_aПромышленные здания _xЭксплуатация _2psbo |
||
| 701 | 1 |
_aФинаев _bИ.В. |
|
| 701 | 1 |
_aКанаков _bГ.В. |
|
| 701 | 1 |
_aБезребрый _bН.В. |
|
| 801 | 0 |
_aRU _bNLR _gpsbo |
|
| 801 | 1 |
_aRU _bELAR _2rusmarc |
|
| 852 |
_aNLR _j66-5/3173 |
||
| 942 | _cBOOK | ||
| 980 | _aNB | ||